Historia Imperatorum Romano Germanicorum Methodice tradita ... Saeculum 1, Imperatore Carolingi ...

Hlavní autor: Pichler, Joseph, 1682-1742
Jazyk: Latina
Vydáno: [Viennae Austr.] : Maria Theresia Voigtin, [1736]
Témata:
Fyzický popis: [3], 207, [6] s., [1] příl. ; 8°
Knihy
Uloženo v:
LEADER 01115nam a22003137a 4500
001 mzk03001174070
003 CZ BrMZK
005 20120117132244.0
007 ta
008 120117s1736 au f fr|||||00| ||latod
040 |a BOA001  |b cze  |c BOA001 
072 7 |a 094  |x Staré tisky  |2 Konspekt  |9 12 
080 |a (0.068)094  |2 MRF 
100 1 |a Pichler, Joseph,  |d 1682-1742  |4 aut 
245 1 0 |a Historia Imperatorum Romano Germanicorum Methodice tradita ...  |n Saeculum 1,  |p Imperatore Carolingi ... 
246 3 0 |a Imperatore Carolingi ... 
260 |a [Viennae Austr.] :  |b Maria Theresia Voigtin,  |c [1736] 
300 |a [3], 207, [6] s., [1] příl. ;  |c 8° 
561 |a Provenience: Ex Libris Joannis Leopoldi Antonii Wisgrill 1749 
655 7 |a staré tisky  |7 fd422076  |2 czenas 
903 |a RP 
910 |a ZNE450  |b ZD-13.VI.23 
978 |b Voigt, Maria Theresia  |a Wien  |c 1736 
984 |a Vídeň  |b Rakousko 
985 |a 1701-1750 
990 |a BK 
991 |k znojmo 
980 |g ZD-13.VI.23  |1 461030003320 
996 6 |b 461030003320  |c ZD-13.VI.23  |l stud. ST  |r Sklad / do násl. otevíracího dne  |n 0  |w 001742641  |u 000010  |a 1  |e BOA001  |s P